000 00187 a2200097 4500
020 _a1879567121
041 _aspa
100 _aBarbara M. Wolff
245 _aMi Abuelito y yo
942 _cBK
999 _c13619
_d13619